Medicine and Anatomy by Letter - C - Statistics

General Stats
  • This quiz has been taken 5,718 times
  • The average score is 16 of 22
Answer Stats
Hint Answer % Correct
DNA is divided into 23 pairs of these, the last pair being XX or XY Chromosome
96%
A doctor who is specialized in the heart and circulatory system Cardiologist
95%
The largest part of the large intestine, shares its name with punctuation Colon
89%
A group of diseases that are all characterized by uncontrolled multiplication of cells Cancer
87%
Anti-cancer treatment that is injected into the veins and can cause hair to fall out Chemotherapy
87%
The transparent covering of the front part of the eye, important for refracting light Cornea
87%
Any condition that is long-lasting and cannot be cured, like asthma or diabetes {Chronic} condition
83%
A rubbery tissue that covers the ends of bones and gives shape to the ear and nose Cartilage
81%
The lower part of the uterus, the body part that is examined with a Pap smear Cervix
81%
The smallest blood vessels, where the most exchange of oxygen and nutrients takes place Capillaries
79%
The lowest part of the spine and an evolutional remnant of the tail, also called tailbone Coccyx
76%
The most commonly fractured bone, and the only long bone to lie horizontally Collarbone
71%
Light-sensitive cells in the eye, along with rods, that allow you to see colour Cones
70%
'Stress hormone' that is often used as medication and then called hydrocortisone Cortisol
70%
Caused by a reaction to gluten, causes the immune system to damage the small intestine {Coeliac} disease
69%
Deadly bacterial infection that causes watery diarrhoea and is spread through unsafe water Cholera
68%
Area of the brain behind the brainstem that coordinates movements Cerebellum
67%
Eight small bones that make up the wrist {Carpal} bones
65%
An artery that supplies blood to the heart itself {Coronary} artery
60%
Arteries that can be found in the neck and that supply the head and brain with blood {Carotid} arteries
58%
Bodily fluid that surrounds and cushions the brain and spinal cord {Cerebrospinal} fluid
52%
The heelbone, the largest bone of the foot Calcaneus
32%
No matching quizzes found
Score Distribution
Percent of People with Each Score
Percentile by Number Answered
Your Score History
You have not taken this quiz